MDQL
is popping MORE tags! Check the
thread
!
Quizzes
Events
Quiz Creation
Community
Videos
Private Events
Remove Ads
Sign In
Join for FREE
Feedback
Dark Mode
Quiz Categories
Sports
Geography
Music
Movies
Television
Just For Fun
Miscellaneous
History
Literature
Language
Science
Gaming
Entertainment
Religion
Holiday
For Kids
Quiz Lab
Recent
Popular Today
Quiz Kudos Today
Editor Picks
Curator Picks
Quizzes by...
Day
Popularity
Type
Ratings
Length
Year
Community
Subscriptions
Recent Discussions
Orange Saloon
Badges
Playlists
Quests
Create
Leaderboards
Showdown
Live 5
Trivia Bingo
Activity
Puzzle Library
Sporcle Events
Private Events
Virtual Trivia
Globe League
Become a Host
Pub Owners
SporcleCon
Opinionation
Our Games
Videos
Blog
Mobile Apps
Partnerships
Remove Ads and Go Orange
Feedback
Sports
Athletes
MLB
NBA
NHL
NFL
Soccer
Sports Teams
WWE
NCAA
Football
Premier League
Basketball
Baseball
Hockey
Golf
Tennis
Cricket
Rugby
Auto Racing
Olympics
World Cup
Sports
Athletes
MLB
NBA
NHL
NFL
Soccer
Sports Teams
WWE
NCAA
Football
Premier League
Basketball
Baseball
Hockey
Golf
Tennis
Cricket
Rugby
Auto Racing
Olympics
World Cup
Random Quiz
Search Sporcle
×
Quiz Lab
Quiz Lab
Sports
NHL
Type in answers that appear in a list
Type in answers that appear in a list
Classic
Best Score? Go Orange.
NHL Interlockout consistent scorers Stats
Name the NHL players with the most points in their least productive season between 2005-06 through 2011-12. (Player must have played in each season)
By
Gabbelutten
8m
34 Questions
82 Plays
82 Plays
82 Plays
Comments
Comments
Give Quiz Kudos
Give Quiz Kudos
-
- Ratings
hide this ad
Replay
Link that replays current quiz
Next Quiz
Link to next quiz in quiz playlist
You Got
0%
They Got
Avg Score
67%
Avg Friend Score
Upgrade to see
Score Distribution
Jump to the score distribution portion of the page
Score
0/34
Timer
08:00
0
Plays Today
Season
Player
% Correct
2011-
12
Sidney Crosby
96.3%
2011-
12
Alex Ovechkin
93.9%
2010-
11
Joe Thornton
91.5%
2005-
06
Henrik Sedin
89%
2011-
12
Daniel Sedin
89%
2005-
06
Martin St. Louis
87.8%
2007-
08
Patrick Marleau
86.6%
2005-
06, 2011-
12
Jarome Iginla
84.1%
2011-
12
Dany Heatley
84.1%
2011-
12
Vincent Lecavalier
84.1%
2010-
11
Pavel Datsyuk
82.9%
2005-
06
Ryan Getzlaf
82.9%
2006-
07
Henrik Zetterberg
81.7%
2009-
10
Marian Hossa
80.5%
2008-
09
Brad Richards
78%
2006-
07, 2009-
10, 2011-
12
Eric Staal
76.8%
2009-
10, 2010-
11
Jason Spezza
76.8%
Season
Player
% Correct
2005-
06
Rick Nash
76.8%
2010-
11
Ilya Kovalchuk
74.4%
2011-
12
Saku Koivu
65.9%
2005-
06
Thomas Vanek
63.4%
2005-
06
Patrik Elias
63.4%
2009-
10
Olli Jokinen
58.5%
2005-
06
Mike Ribeiro
53.7%
2005-
06
Ray Whitney
52.4%
2011-
12
Shane Doan
52.4%
2011-
12
Milan Hejduk
50%
2009-
10
Alex Tanguay
47.6%
2011-
12
Michael Cammalleri
46.3%
2005-
06, 2006-
07
Zdeno Chara
40.2%
2007-
08
Ryan Smyth
36.6%
2006-
07
Scott Hartnell
24.4%
2005-
06, 2009-
10
Martin Erat
23.2%
2010-
11
Kimmo Timonen
11%
Quiz Playlist
Details
Report
Send in Message
Add To Playlist
Classic:
Type in answers that appear in a list
Quiz Source
Last Updated: Feb 16, 2017
Quiz Scoreboard
CHALLENGE
Sign Up to Join the Scoreboard
Show All
Scores
Hide
Comments
May contain spoilers
Recently Published
Colored Red Africa Blitz
by spor1
Geography
30s
Find the 'City' Movie
by crazypaving
Movies
60s
5x2 Blitz: Bands
by SL_Kpop136
Music
30s
More to Explore
Quiz From the Vault
Featured Blog Post
14 Easter Pick-up Lines to Find Eggs With
hide this ad
You Might Also Like...
Tags
NHL Quiz
lockout
NHL Player
NHL Points
Point-Scoring
score
Today's Top Quizzes in Sports
Browse Sports
hide this ad
Today's Top Quizzes in NHL
Browse NHL
Top Contributed Quizzes in Sports
1
Les entraîneurs de l'OM et du PSG au 21e siècle
2
Les meilleurs buteurs des matchs entre le PSG et l’OM
3
Players with Multiple 50 Home Run Seasons
4
2022 World Cup Stars
5
Les joueurs passés par le PSG et l'OM
6
NBA Logic Puzzle 2.0
7
Criteria MLB: Left Handed Sluggers
8
MLB Players with Two .350 Batting Average Seasons
9
Top 10 NHL Goal Scorers of All Time
10
Who Hit More Homers?
Explore More
Trending Topics
Kpop
Crossword
Harry Potter
Disney
Anime
NBA
Marvel
The Office
WWE
Song
Puzzle
Country
Soccer
NFL
Pokémon
hide this ad
More By:
Gabbelutten
Quiz
Plays
Rating
Category
Featured
Created
NHL Single Season Points by Team since 2012 lockout
1,269
5.00
Sports
Nov 26, 2016
25 biggest cities in the Nordic countries
1,014
4.56
Geography
Jan 11, 2016
EA Sports NHL 2003 90-plus players
612
4.83
Sports
Dec 29, 2015
NHL Most Sporcle recognizable players 2015-16
561
3.75
Sports
Jan 20, 2016
NHL Every assist on Gretzky's goals
526
5.00
Sports
Dec 21, 2016
Go to Creator's Profile
Score Distribution
Quiz Creator Spotlight
Gabbelutten
Follow
Send a Message
Quizzes Created
-
Created Quiz Play Count
-
More By This Creator
Popular Quizzes Today
1
Colored Red Africa Blitz
2
Find the 'City' Movie
3
5x2 Blitz: Bands
4
Find the US States - No Outlines Minefield
5
The Countries of the World
6
Find the US States
7
US States
8
Find the Countries of Europe - No Outlines Minefield
More Sports Quizzes
MLB RBI Leaders by Team (2000s)
Published
Trending Quizzes
Colored Red Europe Blitz I
Colored Red Africa Blitz II
Colored Red Europe Blitz II
Colored Red Africa Blitz III
Colored Red Europe Blitz III
Recently Updated
How Do You Spell That?
pecheneg
Godzilla Movies
pecheneg
Grab Bag: 4-10 Letters
pecheneg
2024 March Madness Bracket
pecheneg
Famous TV Couples
Peacemaker
Champions League XIs: Real Madrid
pecheneg
Largest US Cities 1790-2010
pecheneg
Rides in Walt Disney World
pecheneg
Most Oscar Losses (Acting)
pecheneg
Beyoncé Albums
pecheneg
Trending Topics
Marvel
Crossword
NBA
Disney
Kpop
Harry Potter
Anime
Pokémon
WWE
Soccer
Puzzle
Country
Song
NFL
The Office
Your Account Isn't Verified!
In order to create a playlist on Sporcle, you need to verify the email address you used during registration. Go to your
Sporcle Settings
to finish the process.
Report this User
Report this user for behavior that violates our
Community Guidelines
.
Details:
Send Report
Go to the Sporcle.com Mobile Site →
Comments